000 01400cam a22004454i 4500
003 PE-LiUPU
005 20250731173500.0
008 150616s r 000 0 d
035 _a(Sirsi) a6898
040 _aPE-LiUPU
_bspa
_cPE-LiUPU
_erda
049 _aPRUA
082 0 4 _a200.938
_bB94
_221
100 1 _aBurkert, Walter,
_eautor.
245 1 0 _aGreek Religion /
_cWalter Burkert.
264 1 _aCambridge, Massachusetts :
_bHarvard University Press,
_c1994.
300 _a493 páginas ;
_c23 cm.
336 _atext
_2rdacontent
337 _aunmediated
_2rdamedia
338 _avolume
_2rdacarrier
505 0 _aLa religión en Grecia.
526 _aSEG42
526 _aSEG41
526 _aSEG40
526 _aSEG39
526 _aP94
526 _aP87
526 _aP86
526 _aP85
526 _aP77
526 _aP76
526 _aP35
650 0 4 _aRELIGION - GRECIA.
910 _ajck
_bjvq
_cjck
942 _2ddc
_cBOOK
949 _a200.938 B94
_wDEWEY
_c1
_i40279
_lCCODEBUL1
_mBUL
_p00.00
_r0
_sY
_tBOOK
_u19960104
_xTEOLOGIA
_zUNKNOWN
_0COMPRA
_o.STAFF. Colección General
994 _aC0
_bPEPRU
596 _a1
999 _a200.938 B94
_wDEWEY
_c58080
_i40279
_d58080
_f2021-11-9
_g5
_lCCODEBUL1
_mBUL
_q1
_r0
_sY
_tBOOK
_u2015-6-16
_xTEOLOGIA
_zUNKNOWN
_0COMPRA
_o.STAFF. Colección General
980 _81
_gALBERTO SANCHEZ Responsable de Automatización